Statistiques concernant Culture Pop par lettre - A

Cliquez ici pour prendre le quiz!

Statistiques générales

  • Ce quiz a été pris 3 267 fois
  • Le résultat moyen est 10 sur 15

Statistiques - réponses

CatégorieIndiceRéponse% Correct
FilmSur la planète Pandora vivent le peuple des Na'visAvatar
93%
CompagnieCréée par Steve Jobs, Steve Wozniak et Ronald Wayne, la majorité de leurs produits commence par la lettre iApple
92%
Film d'animationL'arme de prédilection de la princesse Mérida dans le film d'animation "Rebelle"Un arc
89%
SérieEnfilez vos maillots rouges et foncez courir sur la plage au ralenti !Alerte à Malibu
88%
Film d'animationQuel le nom du petit garçon propriétaire des jouets dans Toy Story ?Andy
81%
CélébritéCette actrice incarne notamment Rachel Green dans la série FriendsJennifer Aniston
77%
ComicsSuper-héros de l'univers Marvel, incarné au cinéma en 2015 par Michael Douglas et Paul RuddAnt Man
75%
Livre / FilmSaga de quatre livres et trois films, dans lequel un petit garçon aidé de Selenia et Bétamèche se bat contre les forces ennemies menées par MaltazardArthur et les Minimoys
69%
Jeu VideoSérie de jeu vidéo développée par Ubisoft : "Black Flag", "Valhalla", "Unity", "Rogue"Assassin's Creed
68%
Film d'animationPetit singe, compagnon de voyage d’AladinAbu
67%
FilmDans l'une des scènes cultes de ce film, une créature s'échappe du corps de Thomas Kane à bord du NostromoAlien
65%
FilmD'où vient cette citation : "Ceci n'est pas un exercice. Ce message d'alerte annonce le commencement de la purge annuelle ratifiée par le gouvernement des États-Unis."American Nightmare
65%
SérieDe son nom original : "The A-Team", on retrouve dans cette série les personnages d'Hannibal, Futé, Looping et BarracudaL'Agence Tous Risques
36%
Comédie MusicaleParmi les chansons de cette comédie musicale "It's a hard-knock life for us" et "Tomorrow" sont les plus connuesAnnie
16%
ComicsÉditeur de comic books, on retrouve dans son univers les personnages de Archie, Jughead, Sabrina Spellman et Josie and the PussycatsArchie Comics
14%

Distribution des résultats

Percentile par nombre de réponses

% des personnes avec chaque résultat

Votre développement - résultats

Vous n’avez pas pris ce quiz